Statistics for Geometry Dash - Every demons of the list (Main, Exte, Lega)

Click here to take the quiz!

General Stats

  • This quiz has been taken 1,153 times
    (482 since last reset)
  • The average score is 83 of 500

Answer Stats

TOPName% Correct
1Acheron
89%
2Avernus
88%
64Silent Club
86%
4Slaughterhouse
85%
3Silent clubstep
84%
337Bloodbath
79%
68Bloodlust
75%
7Sakupen Circles
75%
135Sonic Wave
75%
6Abyss of Darkness
73%
22Tartarus
70%
5Kyouki
69%
21Sonic Wave Infinity
68%
26The Golden
67%
8Firework
66%
11LIMBO
66%
9KOCMOC
63%
30Zodiac
60%
432Cataclysm
58%
145Yatagarasu
57%
32Kenos
56%
134Sonic Wave Rebirth
56%
15arcturus
55%
326Sakupen Hell
53%
24walter white
52%
82Deimos
50%
18Hard Machine
50%
12poocubed
50%
13Saul Goodman
50%
224Artificial Ascent
48%
10MINUSdry
48%
203Digital Descent
45%
17Oblivion
44%
165Erebus
43%
265ErebuS
43%
324Phobos
43%
153xo
43%
14The Hallucination
42%
25Trueffet
42%
368aftermath
40%
45Crimson Planet
40%
16Edge of Destiny
40%
33Keres
40%
20Mayhem
40%
116Wasureta
39%
93kowareta
38%
28Verdant Landscape
38%
257Black Blizzard
37%
101Plasma Pulse Finale
37%
40Thinking Space
37%
19UNKNOWN
37%
119Omega
36%
85Sigma
36%
47Calculator Core
35%
121Gamma
35%
72Jesse Pinkman
35%
44SARY NEVER CLEAR
35%
23Solar Flare
35%
53RUST
34%
183super probably level
34%
31Aerial Gleam
33%
127Cybernetic Crescent
33%
154Generic Wave
33%
457ICE Carbon Diablo X
33%
164Kuzureta
33%
48Cold Sweat
32%
59Ragnarok
32%
406Red World Rebirth
32%
330Blade of Justice
31%
50Cosmic Cyclone
31%
39Fragile
31%
431Hypersonic
31%
36NEUTRA
31%
38Promethean
31%
29Shukketsu
31%
49Cognition
30%
60Congregation
30%
90Nhelv
30%
476Plasma Pulse II
30%
46Renevant
30%
42SUPERHATEMEWORLD
30%
34Esfera
29%
213Killbot
29%
43Lotus Flower
29%
282SubSonic
29%
148X0
29%
51Lucid Nightmares
28%
65Omega Interface
28%
88The Yandere
28%
98Arctic Lights
27%
122Gustavo Fring
27%
96Ouroboros
27%
239BBBBBBBBBBBBBBBBBBBB
26%
100Frozen Cave
26%
371Plasma Pulse III
26%
27Sinister Silence
26%
240The Hell Zone
26%
348Down Bass
25%
41qoUEO
25%
237Quantum Processing
25%
55Shardscapes
25%
170Sunset Sandstorm
25%
290The Hell World
25%
79Aronia
24%
37Critical Heat
24%
212Delta Interface
24%
75no jokes
24%
151The Hell Nutz
24%
449The Ultimate Phase
24%
412AcropoliX
23%
109Aquatic Auroras
23%
292Athanatos
23%
83ATOMIC CANNON
23%
248Bausha Vortex
23%
102CHROMA FINALE
23%
352Conical Depression
23%
181Devil Vortex
23%
149Edge of the Blade
23%
137Molten Gear
23%
111Requiem
23%
204Stalemate Redux
23%
258Auditory Breaker
22%
76CITRA
22%
130Molten Core
22%
106Spectrum Cyclone
22%
310The Hell Origin
22%
274Astral Divinity
21%
269BuTiTi III
21%
206Cadrega City
21%
62Descent Into Exile
21%
117Hyper Paracosm
21%
494Necropolis
21%
398NecropoliX
21%
378Panasonic
21%
363Sigma Interface
21%
71The Art of the Blade
21%
66The Rupture
21%
97Visible Ray
21%
184WOW
21%
193Freedom08
20%
373Maybe Possibly Thing
20%
35Terminal Rampancy
20%
4368o X
19%
73Asterios
19%
54ATOMIC CANNON Mk II
19%
314Carnage Mode
19%
268CHROMA II
19%
435Falling Up
19%
67Kappa
19%
291Low Death
19%
129Sink
19%
360The Hell Factory
19%
52Widestep
19%
207ZAPHKIEL
19%
251Balengu Vortex
18%
69Fog
18%
392Heartbeat
18%
87IthacropoliX
18%
128Macabre
18%
214Omicron
18%
126RANDOM ACCESS MEMORY
18%
58RUTHLESS
18%
329Silentium Gradas
18%
123Spacial Rend
18%
110Storming Summit
18%
74Terminux
18%
359A Bizarre Phantasm
17%
56Akashic Records
17%
420Duelo Maestro
17%
78Knights of Thunder
17%
143Necromancer
17%
451AAAAAAAAAAAAAAAAAAAA
16%
171Altered Ascent
16%
358Artificial Ideology
16%
472Crimson Clutter
16%
86Dump
16%
384Elite Z Rebirth
16%
113Eternal Moment
16%
147Golden Club
16%
262Hatred
16%
144Iris of a Puppeteer
16%
63Launchpad Labyrinth
16%
133LUMINA
16%
81Pagoda
16%
236The Hell Field
16%
319Untitled
16%
2762 1 1
15%
95AKIRA
15%
252Bass Cave
15%
105Calamity
15%
264The Hell Inferno
15%
89untitled unmastered
15%
187Catalyze
14%
177Celestial Force
14%
152Cersia Difficult
14%
125Coral Cave
14%
99Dance of the Violins
14%
335Epsilon
14%
61Escape Room
14%
94FusionDynamix
14%
318Fusion Z
14%
349Idols
14%
303Ithacropolis
14%
452Photovoltaic
14%
195Photovoltaic II
14%
158Quantum Theory
14%
246Rate Demon
14%
140Sephiroth
14%
375The Hell Dignity
14%
182Timor
14%
155Titan Complex
14%
334Artifice
13%
174Chromatic Haze
13%
393Deception Dive
13%
277Dolos
13%
223Ethereal Artifice
13%
242Glowy
13%
139GONER
13%
479Hate War
13%
350Just DANCE
13%
114Mirrored Calamity
13%
91Ourwa
13%
354Prismatic Haze
13%
226Quantum Dynamix
13%
104REPENTLESS
13%
107SAND SAILOR
13%
138Shmarley Ville
13%
150Silentium Clavas
13%
103SZYSLAK
13%
347The Hell Bird
13%
417The Lost Existence
13%
84Twilight
13%
332Betrayal of Fate
12%
266Cadrega Mode
12%
57DIRECTIONS
12%
198Friday Vortex
12%
77Gracefully
12%
136Infinite Iniquity
12%
131Loochiverse
12%
112of Ambrosia
12%
192Paroxysm
12%
146Rage
12%
70Sazerix
12%
317Tenth Circle
12%
487Ultraviolet
12%
453After Catabath
11%
428Allegiance
11%
244Boogie
11%
162Cersia Madness
11%
80CORRODERE
11%
173Dark Flare
11%
118Edge of the World
11%
500Entwined Room
11%
405Glide
11%
300Infernal Abyss
11%
190Lucid Chaos
11%
308Mystic
11%
120Shutdown
11%
296SPEEDRUN
11%
395The Flawless
11%
495The JanuS Miracle
11%
376Triple Six
11%
342Under lavaland
11%
231Yuh
11%
423Zettabyte
11%
189Dreams
10%
132ELLIPSISM
10%
92Neon Skyline
10%
377Niflheim
10%
260Pandemonium
10%
245Quaoar
10%
399Retention
10%
160rosedynamix
10%
142Ryft
10%
345ATMarbl
9%
356Aurora
9%
241Belloq
9%
124ConTroller
9%
208Factory Realm X
9%
396Fexty
9%
108Fragmented
9%
163MISFIRE
9%
169Nightshade
9%
211RGB
9%
115Sparkling
9%
168The Reaper
9%
482Valor
9%
247Void Wave
9%
488Wolfstep
9%
230Aesthetic
8%
321Alpha Baa X
8%
281Anoxysm
8%
357Arctic Arena
8%
279Audio Expulsion
8%
383Audio Extraction
8%
221Black Flag
8%
387Breakout
8%
273Carcano
8%
416CYCLONE
8%
175Ddiamond
8%
141Dedohexdragon
8%
210Dole Damos
8%
176DubKore X
8%
340ElectroLux
8%
157Icotact
8%
201inanimate INSANITY
8%
408Incipient
8%
194Jamboree
8%
159memories
8%
233Missing Benefits
8%
284Mujigae
8%
374N0
8%
235Night Rider
8%
367Penultimate Phase
8%
422Pumped Up Kicks
8%
302RASH
8%
179RELENTLESS
8%
288SINGULARITY
8%
217Step To Hell
8%
306TeaM Z
8%
196The Moon Below
8%
385Twisted Tranquility
8%
270Ziroikapi
8%
379A2Marbl
7%
361Annihilation Nation
7%
200Apollo 11
7%
404Artificial Dream
7%
336Atmosphere
7%
289Breakout Redux
7%
464Creeper Force
7%
243Crystal
7%
166Delebit Oblivio
7%
220Demonicat
7%
473Demonic Bass
7%
222Fabrication
7%
370GridLocked
7%
343Hateful Reflection
7%
199IMAPHONE
7%
369INNARDS
7%
238lodin da fish washer
7%
341Molten Mercury
7%
156Nunri
7%
229Occult Outcry
7%
467Quest for Perfection
7%
216vaenstep
7%
407Violently X
7%
180ameliorate
6%
328Ancestral Calamity
6%
426Awakening Horus
6%
346Azure Fiesta
6%
256Berserk
6%
202Bitcrusher
6%
400CholeriX
6%
470Clubstep Reborn
6%
185ConFusion
6%
253distraught
6%
390Elliptic Curve
6%
299Endless Dream
6%
313EnvY
6%
320Falcon16
6%
186Framework
6%
278Glitched Memories
6%
391Heat Wave
6%
267Hyper Paradox
6%
287i hate you
6%
283ikaros
6%
499Lezicuv
6%
382Marathon
6%
250Never Beat It
6%
437Penombre
6%
421Polish Alphabet
6%
315Removed Submission
6%
249Spectrum Rave
6%
209Springtime
6%
191Stygian Machinery
6%
272Surge of Memories
6%
178Tapwreck
6%
386Unearthed
6%
425Uprise
6%
322VendetTa
6%
411Volume
6%
259Ziroikabi
6%
293Anahita
5%
285Betrayal of Destiny
5%
161BRKMGB8GJCZ
5%
442Cosmic Calamity
5%
468Cyber Chaos
5%
327Dimensional Breaking
5%
263Furious Flames
5%
427Gammaray
5%
388Grill Kill
5%
484Hyperio Technia
5%
403Killerzone
5%
413Matilda the Machine
5%
483Night Terrors
5%
372Novalis
5%
188Raisins
5%
424Sky Tech
5%
219Solarion
5%
255Static Ignition
5%
485Subterranean Animism
5%
414SUBVERSIVE
5%
215Tempered Steel
5%
205TheCinnyBun
5%
480The Secret Box
5%
366WaveBreaker
5%
312Advanced AirStream
4%
401Alcatraz
4%
447Arcadelocked
4%
316Asmodeus
4%
474Asymmetry
4%
218Auroral Darkness
4%
333Biohazard
4%
496Catastrophic
4%
389Concaved Memories
4%
311DARKENED
4%
397Digital Disarray
4%
323Dimension Breaker
4%
305Disentombed
4%
498DoomsDay
4%
225Effect II
4%
441Electrosonic
4%
365Esencia
4%
410Exotic Energy
4%
364Extinction
4%
301Fabricated Thoughts
4%
227Future Chaos
4%
295Galactic Shift
4%
458Hydraulic Overdrive
4%
430Instant Execution
4%
297Kinetic Bypass
4%
197Lateral Myst
4%
481Lunatic Doom Machine
4%
228Luxtra
4%
307MadMansion
4%
234Mind Control
4%
362Mirage
4%
338Monstercat
4%
280MONSTROSITY
4%
463New Supersonic
4%
429Night Party
4%
304OPSM1
4%
232Polygonal Paradox
4%
172reeses potentially
4%
167Retention Rush
4%
497Sadism
4%
325Shibui
4%
286Shock Therapy
4%
254Sinister Incision
4%
394Skrrah
4%
275Surge of the Shield
4%
415Tech Manifestation
4%
355Tempest Tornado
4%
418UltraSans
4%
478Wander of Thought
4%
491X Adventure
4%
465Abandoned Kingdom
3%
294Adrenaline
3%
433Cosmorush 21
3%
409Cromulent
3%
456Dark RainBow Rebirth
3%
439Dark Rivalry
3%
450Destruction of God
3%
271DMG CTRL
3%
344Ecstasy
3%
477Elements X
3%
443Excessive Compliment
3%
440Frizzantino Vibes
3%
466Future Circles
3%
462Galatic Fragility
3%
460Galaxy Breaker
3%
490Geminorum
3%
339Glacial Torrent
3%
351Inflective
3%
461Kurumi City
3%
331Libertas
3%
489Light Years
3%
380limitless
3%
353Phosphorescent
3%
486Pursuit
3%
261SECTOR 19
3%
309SHATTER
3%
298Shock Breaker
3%
492Sparklic Ocean
3%
471Spectral Tentation
3%
444Superstrike
3%
469Temple of Destiny
3%
381The Antimatter
3%
446Torrential Storm
3%
493DeltaNova
2%
445Doop
2%
448Es Dilar Nos
2%
438Grimoire Heart
2%
402Insaction
2%
459NecroDynamix
2%
419Raindance
2%
475Rewind
2%
434Underground
2%
455Astronomical Alchemy
1%
454Final Epilogue
1%

Score Distribution

Percentile by Number Answered

Percent of People with Each Score

Your Score History

You have not taken this quiz since the last reset